25 most guessed countries - Statistics

General Stats
  • This quiz has been taken 157 times
  • The average score is 22 of 25
Answer Stats
Answer % Correct
Canada
99%
United States
99%
China
98%
France
98%
Russia
98%
United Kingdom
98%
Australia
95%
Japan
95%
Brazil
94%
Spain
94%
Mexico
93%
Germany
92%
India
92%
Italy
92%
Argentina
89%
Sweden
84%
South Africa
81%
Egypt
80%
Norway
78%
South korea
77%
Ireland
75%
Portugal
73%
Turkey
72%
Chile
64%
Iceland
53%
No matching quizzes found
Score Distribution
Percent of People with Each Score
Percentile by Number Answered
Your Score History
You have not taken this quiz